| 000 | 00685cam a2200217 4500 | ||
|---|---|---|---|
| 001 | ECON000486 | ||
| 008 | r19741959mx spa | ||
| 035 | _aECON000486 | ||
| 050 | 0 | 4 |
_aHD235 _bS54 1974 |
| 100 | 1 | _aSilva Herzog, Jesús | |
| 245 | 1 | 3 |
_aEl Agrarismo mexicano y la reforma agraria : _bexposición y crítica / _cJesús Silva Herzog. |
| 250 | _a1 reimp. | ||
| 260 |
_aMéxico : _bFondo de Cultura Económica, _c1974 |
||
| 300 |
_a627 p. ; _c 21cm. |
||
| 440 | 0 | _aVida y pensamiento de México | |
| 504 | _aIncluye bibliografías e índice | ||
| 505 | _aBEE | ||
| 650 | 4 |
_aTenencia de la tierra _zMéxico |
|
| 650 | 7 |
_aReforma agraria _2Lemb |
|
| 942 |
_2lcc _cLIB |
||
| 999 |
_c66262 _d66262 |
||